| 000 | 00680nam a22001697a 4500 | ||
|---|---|---|---|
| 999 |
_c14874 _d14874 |
||
| 008 | 200123b ||||| |||| 00| 0 eng d | ||
| 082 |
_22019 _aUT 1411 _bF76 |
||
| 100 |
_aFormentera, Cyril Rose S. _941291 |
||
| 245 |
_aPersonal Distress Common Among College Students/ _cCyril Rose S.Formentera, Jay Marie Grace O. Gamba & Jo-anna Rose R. Loon |
||
| 260 |
_aDigos City _bUMDC _cDecember 2019 |
||
| 300 |
_a29 pages _c30 cm |
||
| 650 |
_aTechnical Teacher Education _vFood and Service Management _xUndergraduate Thesis _941292 |
||
| 700 |
_aFormentera, Cyril Rose S. _941291 |
||
| 700 |
_aGamba, Jay Marie Grace O. _941293 |
||
| 700 |
_aLoon, Jo-anna Rose R. _941294 |
||
| 942 |
_2ddc _cUT |
||